[Event "Bionext Festival 2019"]
[Site "Chihuahua"]
[Date "2019.12.01"]
[Round "6.9"]
[White "Sierra Arballo, Jesus"]
[Black "Guerrero Rodriguez, Alejandra"]
[Result "1/2-1/2"]
[WhiteElo "2046"]
[BlackElo "2016"]
[Annotator "NA"]
[PlyCount "108"]
[EventDate "2019.11.30"]
[EventType "swiss"]
[EventCountry "MEX"]
[SourceTitle "playchess.com"]
[Source "ChessBase"]
[SourceQuality "1"]
[TimeControl "5400+30"]

1. e4 {[%emt 1:30:30]} c5 {[%emt 1:30:30]} 2. Nf3 {[%emt 0:00:30]} g6 {[%emt 0:00:30]} 3. c4 {[%emt 0:00:30]} Bg7 {[%emt 0:00:30]} 4. d4 {[%emt 0:00:30]} cxd4 {[%emt 0:00:30]} 5. Nxd4 {[%emt 0:00:30]} Qb6 {[%emt 0:00:30]} 6. Nb5 {[%emt 0:00:30]} a6 {[%emt 0:00:30]} 7. Be3 {[%emt 0:00:30]} Qa5+ {[%emt 0:00:30]} 8. N5c3 {[%emt 0:00:30]} Nf6 {[%emt 0:00:30]} 9. f3 {[%emt 0:00:30]} O-O {[%emt 0:00:30]} 10. Be2 {[%emt 0:00:30]} Nc6 {[%emt 0:00:30]} 11. O-O {[%emt 0:00:30]} d6 {[%emt 0:00:30]} 12. Nd2 {[%emt 0:00:30]} Nd7 {[%emt 0:00:30]} 13. Rc1 {[%emt 0:00:30]} e6 {[%emt 0:00:30]} 14. Nb3 {[%emt 0:00:30]} Qc7 {[%emt 0:00:30]} 15. Qd2 {[%emt 0:00:30]} Nce5 {[%emt 0:00:30]} 16. Kh1 {[%emt 0:00:30]} Nc5 {[%emt 0:00:30]} 17. Rfd1 {[%emt 0:00:30]} Nxb3 {[%emt 0:00:30]} 18. axb3 {[%emt 0:00:30]} Rd8 {[%emt 0:00:30]} 19. Na4 {[%emt 0:00:30]} Qe7 {[%emt 0:00:30]} 20. Bc5 {[%emt 0:00:30]} Bf8 {[%emt 0:00:30]} 21. Nb6 {[%emt 0:00:30]} Rb8 {[%emt 0:00:30]} 22. Rc3 {[%emt 0:00:30]} Qc7 {[%emt 0:00:30]} 23. Bg1 {[%emt 0:00:30]} Nd7 {[%emt 0:00:30]} 24. Na4 {[%emt 0:00:30]} b6 {[%emt 0:00:30]} 25. h4 {[%emt 0:00:30]} Nc5 {[%emt 0:00:30]} 26. Bh2 {[%emt 0:00:30]} Qe7 {[%emt 0:00:30]} 27. Bg3 {[%emt 0:00:30]} Bg7 {[%emt 0:00:30]} 28. Kg1 {[%emt 0:00:30]} Nxa4 {[%emt 0:00:30]} 29. bxa4 {[%emt 0:00:30]} Bxc3 {[%emt 0:00:30]} 30. Qxc3 {[%emt 0:00:30]} e5 {[%emt 0:00:30]} 31. b4 {[%emt 0:00:30]} Be6 {[%emt 0:00:30]} 32. Bf2 {[%emt 0:00:30]} Rdc8 {[%emt 0:00:30]} 33. Rc1 {[%emt 0:00:30]} Rc7 {[%emt 0:00:30]} 34. c5 {[%emt 0:00:30]} bxc5 {[%emt 0:00:30]} 35. bxc5 {[%emt 0:00:30]} Rb3 {[%emt 0:00:30]} 36. Qa5 {[%emt 0:00:30]} dxc5 {[%emt 0:00:30]} 37. Bxa6 {[%emt 0:00:30]} Rb2 {[%emt 0:00:30]} 38. Rxc5 {[%emt 0:00:30]} Rxc5 {[%emt 0:00:30]} 39. Qxc5 {[%emt 0:00:30]} Qxc5 {[%emt 0:00:30]} 40. Bxc5 {[%emt 0:00:30]} Ra2 {[%emt 0:00:30]} 41. Bb5 {[%emt 0:00:30]} Bb3 {[%emt 0:00:30]} 42. Bd6 {[%emt 0:00:30]} Bxa4 {[%emt 0:00:30]} 43. Bxa4 {[%emt 0:00:30]} Rxa4 {[%emt 0:00:30]} 44. Bxe5 {[%emt 0:00:30]} Ra2 {[%emt 0:00:30]} 45. Bf6 {[%emt 0:00:30]} h5 {[%emt 0:00:30]} 46. Kh2 {[%emt 0:00:30]} Kf8 {[%emt 0:00:30]} 47. Kh3 {[%emt 0:00:30]} Ke8 {[%emt 0:00:30]} 48. g4 {[%emt 0:00:30]} Kd7 {[%emt 0:00:30]} 49. Kg3 {[%emt 0:00:30]} Ke6 {[%emt 0:00:30]} 50. e5 {[%emt 0:00:30]} Re2 {[%emt 0:00:30]} 51. gxh5 {[%emt 0:00:30]} gxh5 {[%emt 0:00:30]} 52. Kf4 {[%emt 0:00:30]} Rg2 {[%emt 0:00:30]} 53. Bd8 {[%emt 0:00:30] Kxe5+ Ke4+ Ke6 Kf4} Rg6 {[%emt 0:00:30]} 54. Bg5 {[%emt 0:00:30]} Rg8 {[%emt 0:00:30]} 1/2-1/2

[Event "Bionext Festival 2019"]
[Site "Chihuahua"]
[Date "2019.12.01"]
[Round "6.10"]
[White "Della Morte, Pablo"]
[Black "Rubio Ramos, Jorge Yadir"]
[Result "1-0"]
[WhiteElo "2309"]
[BlackElo "1819"]
[Annotator "ChessBase"]
[PlyCount "47"]
[EventDate "2019.11.30"]
[EventType "swiss"]
[EventCountry "MEX"]
[SourceTitle "playchess.com"]
[Source "ChessBase"]
[SourceQuality "1"]
[TimeControl "5400+30"]

1. e4 {[%emt 1:30:30]} c5 {[%emt 1:30:30]} 2. Nf3 {[%emt 0:00:30]} Nc6 {[%emt 0:00:30]} 3. Bb5 {[%emt 0:00:30]} g6 {[%emt 0:00:30]} 4. Bxc6 {[%emt 0:00:30]} dxc6 {[%emt 0:00:30]} 5. d3 {[%emt 0:00:30]} Bg7 {[%emt 0:00:30]} 6. h3 {[%emt 0:00:30]} Qc7 {[%emt 0:00:30]} 7. Nc3 {[%emt 0:00:30]} Nf6 {[%emt 0:00:30]} 8. Be3 {[%emt 0:00:30]} b6 {[%emt 0:00:30]} 9. Qd2 {[%emt 0:00:30]} e5 {[%emt 0:00:30]} 10. Bh6 {[%emt 0:00:30]} O-O {[%emt 0:00:30]} 11. Nh2 {[%emt 0:00:30]} Ne8 {[%emt 0:00:30]} 12. O-O {[%emt 0:00:30]} f6 {[%emt 0:00:30]} 13. Bxg7 {[%emt 0:00:30]} Nxg7 {[%emt 0:00:30]} 14. f4 {[%emt 0:00:30]} Bd7 {[%emt 0:00:30]} 15. Rf2 {[%emt 0:00:30]} f5 {[%emt 0:00:30]} 16. fxe5 {[%emt 0:00:30]} Qxe5 {[%emt 0:00:30]} 17. Nf3 {[%emt 0:00:30]} Qc7 {[%emt 0:00:30]} 18. Qh6 {[%emt 0:00:30]} Ne6 {[%emt 0:00:30]} 19. Raf1 {[%emt 0:00:30]} Rf7 {[%emt 0:00:30]} 20. exf5 {[%emt 0:00:30]} Rxf5 {[%emt 0:00:30]} 21. Ne4 {[%emt 0:00:30]} Raf8 {[%emt 0:00:30]} 22. g4 {[%emt 0:00:30]} Rd5 {[%emt 0:00:30]} 23. Nfg5 {[%emt 0:00:30]} Rxg5 24. Nxg5 1-0

[Event "Bionext Festival 2019"]
[Site "Chihuahua"]
[Date "2019.12.01"]
[Round "6.11"]
[White "Vargas Miranda, Diego"]
[Black "Tello Chavez, Isaac Valent"]
[Result "0-1"]
[WhiteElo "1892"]
[BlackElo "2274"]
[Annotator "TA"]
[PlyCount "82"]
[EventDate "2019.11.30"]
[EventType "swiss"]
[EventCountry "MEX"]
[SourceTitle "playchess.com"]
[Source "ChessBase"]
[SourceQuality "1"]

{[%evp 9,82,0,23,-15,1,-22,-23,-54,-35,-78,-75,-71,-71,-67,-68,-65,-48,-92,-91,-89,-88,-99,-89,-93,-96,-112,-98,-98,-98,-98,-98,-99,-99,-100,-100,-122,-108,-112,-72,-123,-106,-141,-139,-176,-152,-205,-179,-226,-197,-355,-348,-378,-354,-410,-399,-392,-414,-591,-589,-715,-646,-870,-867,-1174,-1145,-1185,-1217,-1141,-1131,-1272,-1297,-1217,-1220,-975,-736]} 1. e4 c6 2. d4 d5 3. e5 c5 4. c3 Nc6 5. Nf3 Bg4 6. Bb5 {B12: Caro-Kann: Advance Variation} (6. Be2 e6 7. Nbd2 Rc8 8. O-O a6 9. h3 Bh5 10. Re1 Bg6 11. Nf1 cxd4 12. Nxd4 Nxd4 13. Qxd4 Ne7 14. Bg5 {0-1 (36) Yuffa,D (2534)-Romanov,E (2619) Sochi 2016}) 6... e6 7. Be3 Qb6 8. Qb3 {Black has an edge.} c4 $146 ({Predecessor:} 8... Bxf3 9. Bxc6+ bxc6 10. Qxb6 axb6 11. gxf3 c4 12. Nd2 Ne7 13. Ke2 Nf5 {0-1 (40) Woolcock,C (1876)-Marusenko,P (2229) Cardiff 2014}) 9. Bxc6+ bxc6 10. Qxb6 axb6 11. Nbd2 Ne7 12. O-O Bf5 13. Rfd1 Nc8 14. Nf1 b5 15. a3 Nb6 16. h3 Be7 17. g4 Bg6 18. Ng3 Na4 19. Rd2 h5 20. gxh5 Bxh5 21. Nxh5 Rxh5 22. Kg2 Kd7 23. Rh1 f6 24. Re2 ({White should play} 24. h4) 24... f5 25. Bc1 g5 26. Ree1 Rah8 27. Reg1 (27. Ng1 $17) 27... c5 $19 28. dxc5 Nxc5 29. Nd4 $2 {[#]} (29. Be3 {only move.}) 29... Nd3 30. Nxb5 Nxe5 31. Nd4 Nd3 32. Bd2 f4 33. f3 (33. b4 $142) 33... e5 {Black is clearly winning.} 34. Nc2 Bc5 35. Rb1 Nf2 36. Rh2 g4 37. fxg4 {[#]} Nxg4 $1 {[%mdl 576] Pin} 38. Rhh1 (38. hxg4 Rxh2+) 38... Nf2 {[%mdl 64] Double Attack} 39. Rh2 Rg8+ 40. Kf1 Ne4 {Threatens to win with ...Rg1+.} 41. Ke2 Bg1 {Accuracy: White = 27%, Black = 89%.} 0-1

[Event "Bionext Festival 2019"]
[Site "Chihuahua"]
[Date "2019.12.01"]
[Round "6.12"]
[White "Valle Caballero, Julio Cesar"]
[Black "Ramirez Ruacho, Juan Manuel"]
[Result "0-1"]
[WhiteElo "1661"]
[BlackElo "2175"]
[Annotator "TA"]
[PlyCount "62"]
[EventDate "2019.11.30"]
[EventType "swiss"]
[EventCountry "MEX"]
[SourceTitle "playchess.com"]
[Source "ChessBase"]
[SourceQuality "1"]

{[%evp 13,61,9,20,20,20,15,58,16,18,-9,-2,-10,0,-11,0,-4,50,29,72,-23,26,29,70,36,36,-773,-770,-841,-825,-1405,-1378,-1379,-1352,-29995,-29996,-29996,-1936,-1979,-1952,-1708,-1479,-29985,-29983,-29992,-29993,-29993,-29994,-29998,-29999,-29999]} 1. c4 e5 2. Nc3 Nc6 3. g3 d6 4. d3 g6 5. Bg2 Bg7 6. Rb1 Be6 7. b4 Qd7 8. Nf3 {A25: English Opening vs King's Indian with ...Nc6 but without early d3} h6 9. Bd2 (9. b5 Nd8 10. a4 Ne7 11. O-O O-O 12. e4 f5 13. Ba3 f4 14. Nd5 {0-1 (41) Pantsulaia,L (2597)-Salgado Lopez,I (2629) St Petersburg 2018}) 9... f5 10. O-O {White is slightly better.} Nge7 11. Qc2 O-O 12. b5 Nd8 $1 13. e3 $146 ({Predecessor:} 13. a4 f4 14. Rfe1 g5 15. Bc1 {0-1 (29) Padre,M (1347)-Pun Chung,L (1443) Saint Denis 2017}) 13... g5 14. Ne1 f4 (14... a6 $11) 15. exf4 gxf4 16. Ne2 ({White should play} 16. gxf4 $16 Bh3 17. fxe5) 16... Bh3 17. gxf4 Ng6 18. fxe5 Nh4 19. Be3 $2 {[%mdl 8192] [#]} (19. Bxh3 $14 Qxh3 20. d4) 19... Bxg2 $19 20. e6 Qxe6 21. Nf4 Rxf4 22. Bxf4 Qh3 {[#] ( -> ...Nf3+)} 23. f3 Bd4+ 24. Qf2 Bxf1 (24... Nxf3+ $142 25. Nxf3 Bxf3 26. Be3 Bxe3 {[%mdl 64] Overworked Piece} 27. Qxe3 Qg2#) 25. Be3 Bxe3 26. Qxe3 Nf7 {Hoping for ...Kh8.} 27. Qf2 Kh7 {Black mates.} 28. Qxf1 Rg8+ 29. Kf2 Qxh2+ 30. Ke3 Re8+ 31. Kd4 Qe5# {Accuracy: White = 22%, Black = 63%.} 0-1